[Event "Sofia MTel Masters 2nd"]
[Site "Sofia"]
[Date "2006.05.19"]
[Round "8"]
[White "Svidler, Peter"]
[Black "Bacrot, Etienne"]
[Result "1/2-1/2"]
[WhiteElo "2743"]
[BlackElo "2708"]
[Annotator "Marin,M"]
[PlyCount "74"]
[EventDate "2006.05.11"]
[EventType "tourn"]
[EventRounds "10"]
[EventCountry "BUL"]
[EventCategory "20"]
[SourceTitle "CBM 113"]
[Source "ChessBase"]
[SourceDate "2006.07.31"]
[SourceVersion "1"]
[SourceVersionDate "2006.07.31"]
[SourceQuality "1"]

1. e4 e5 2. Nf3 Nc6 3. Bb5 a6 4. Ba4 Nf6 5. O-O Be7 6. Re1 b5 7. Bb3 O-O 8. h3
Bb7 9. d3 d6 10. a3 Na5 11. Ba2 c5 12. Nbd2 Nc6 13. Nf1 Bc8 {The transfer of
the bishop to e6 is considered to be a reliable method of neutralizing White's
control over the relatively weak d5-square.} 14. c3 Be6 15. Bxe6 fxe6 {Such
double pawns can eventually become weak, but for the moment their presence
improve Black's control over the centre. Besides, the pressure along the
f-file could become annoying for White in certain cases.} 16. b4 ({White aims
to prevent Black's expansion in the centre, which happened in, for instance,
Shirov-Onischuk, New Delhi/Teheran 2000} 16. Ng3 Nd7 17. Be3 d5 18. exd5 exd5
19. b4 Kh8 20. Qb3 c4 21. dxc4 bxc4 {with active play for Black.}) 16... Qd7
17. Ng3 a5 18. bxc5 dxc5 19. a4 b4 20. Be3 c4 21. dxc4 Qxd1 22. Rexd1 bxc3 23.
c5 c2 24. Rdc1 Nb4 25. Ne1 Rfc8 26. Nxc2 Bxc5 27. Nxb4 Bxe3 28. Rxc8+ Rxc8 29.
fxe3 axb4 30. Rb1 Rb8 31. a5 Ra8 32. Rxb4 Rxa5 {Queen side complications have
led to almost perfect symmetry. Instead of asking for permission to agree to a
draw, players preferred repeating moves.} 33. Rb6 Kf7 34. Rb7+ Kg6 35. Rb6 Kf7
36. Rb7+ Kg6 37. Rb6 Kf7 1/2-1/2

[Event "Sofia MTel Masters 2nd"]
[Site "Sofia"]
[Date "2006.05.15"]
[Round "5"]
[White "Ponomariov, Ruslan"]
[Black "Bacrot, Etienne"]
[Result "1/2-1/2"]
[WhiteElo "2738"]
[BlackElo "2708"]
[Annotator "Marin,M"]
[PlyCount "93"]
[EventDate "2006.05.11"]
[EventType "tourn"]
[EventRounds "10"]
[EventCountry "BUL"]
[EventCategory "20"]
[SourceTitle "CBM 113"]
[Source "ChessBase"]
[SourceDate "2006.07.31"]
[SourceVersion "1"]
[SourceVersionDate "2006.07.31"]
[SourceQuality "1"]

1. e4 e5 2. Nf3 Nc6 3. Bb5 a6 4. Ba4 Nf6 5. O-O Be7 6. Re1 b5 7. Bb3 O-O 8. a4
b4 9. d3 d6 10. a5 Be6 11. Nbd2 Rb8 ({The main alternative is} 11... Qc8 {
. The reader might remember that after} 12. Nc4 Rb8 13. Bg5 {Aronian surprized
Leko in the last round of Linares 2006 with the slightly exotic} Kh8 $5 {
. Leko went down quickly and in the notes to that game I recommended} 14. d4 {
as a possible improvement for White. Apparently, Leko came to the same
conclusion, and tried it with the very next occasion, but the king move proved
to be more than just an experiment:} exd4 15. Nxd4 Nxd4 16. Qxd4 Ng8 17. Bf4 f5
18. exf5 Bf6 19. Qd3 Bxf5 20. Qg3 Bg6 21. Bg5 Rb5 22. Bxf6 Nxf6 23. f3 Nh5 24.
Qh4 Nf4 25. Ne3 Rh5 26. Qg3 Qd8 {and, just like against Aronian, Leko found
himself under very strong king side pressure in Leko-Anand, Monte Carlo 2006.})
12. Bc4 Qc8 13. b3 Nd7 14. Nf1 Bf6 15. Ne3 g6 16. Bb2 Bxc4 17. Nxc4 ({After
this re-capture, the whole knight manoeuvre can be regarded as a loss of two
whole tempi, laeving Black with an entirely adequate position. However, in
case of} 17. dxc4 {, aiming to strengthen the control over the d5-square,
White's structure would have lost flexibility, allowing Black prepare the
thematic king side break ...f5 by means of, say,} Nc5 18. Nd5 Bg7 19. Qd2 Qd7)
17... Re8 18. d4 {Slightly careless.} exd4 19. Nxd4 Nce5 ({Black misses the
opportunity to win a pawn with the simple trick} 19... Bxd4 $5 20. Bxd4 d5 {
, when the exposed position of the bishop does not allow White obtain
counterplay along the a1-h8 diagonal easily, something Bacrot might have
feared when refraining from this line.}) 20. Nxe5 Bxe5 21. Rb1 Qb7 22. f3 Nf6
23. Qd2 c5 $6 ({Offering White an unexpected chance. Black could have played} 
23... Nh5 {with the idea of activating his position by means of ...Nf4, ...
Qa7-c5, ...d5, etc. If} 24. g3 {then} c5 25. Ne2 Bxb2 26. Rxb2 d5 $5 {could
raise interesting complications, where White pieces would be slightly
uncoordinated.}) 24. Nf5 $1 {Black's king starts feeling uncomfortable now.}
Bxb2 25. Rxb2 Rbd8 26. Rbb1 Qc7 27. Qh6 Nh5 28. Ne3 Nf6 29. Nf5 Nh5 30. Rbd1 {
(White had no reasons to agree to a draw by repetition, of course.)} gxf5 31.
Qxh5 $6 ({Ponomariov misses the chance to obtain a powerful attack with} 31.
exf5 $5) 31... fxe4 32. Qg5+ Kf8 33. Rd5 Re6 34. Rxe4 Rde8 35. Qh5 Qxa5 36.
Qxh7 Qa1+ 37. Kf2 Rxe4 38. fxe4 Re6 39. Rd3 Rf6+ 40. Rf3 Rxf3+ 41. gxf3 Qc1 42.
Kg3 Qxc2 43. Qh6+ Kg8 44. Qg5+ {Finally switching to the B-plan: giving
perpetual check.} Kh7 45. Qh5+ Kg7 46. Qg5+ Kh7 47. Qh5+ 1/2-1/2

[Event "EU-Cup 23rd"]
[Site "Kemer"]
[Date "2007.10.06"]
[Round "4.4"]
[White "Nisipeanu, Liviu Dieter"]
[Black "Sokolov, Ivan"]
[Result "1-0"]
[WhiteElo "2668"]
[BlackElo "2673"]
[Annotator "Marin,M"]
[PlyCount "69"]
[EventDate "2007.10.03"]
[EventType "team-swiss"]
[EventRounds "7"]
[EventCountry "TUR"]
[SourceTitle "CBM 121"]
[Source "ChessBase"]
[SourceDate "2007.11.14"]
[SourceVersion "1"]
[SourceVersionDate "2007.11.14"]
[SourceQuality "1"]
[WhiteTeam "Baden-Baden"]
[BlackTeam "Sarajevo Bosna"]
[WhiteTeamCountry "GER"]
[BlackTeamCountry "BIH"]

1. e4 e5 2. Nf3 Nc6 3. Bb5 a6 4. Ba4 Nf6 5. O-O Be7 6. Re1 b5 7. Bb3 O-O 8. a4
b4 9. d4 d6 10. dxe5 Nxe5 11. Nxe5 dxe5 {White has chosen an unfashionable
setup, combining an early opening of the centre with the definition of the
queenside structure. In doing so, he hopes to establish a firm blockade on
light squares. The only drawback of this line is that it leaves Black with a
slight advance in development.} 12. Qe2 ({Sokolov had had this position twice,
a long time ago.} 12. Bg5 Qxd1 $5 {An improvement over his previous game. The
exchange of the queen is justified by the fact that the white king's rook had
spent a tempo already, which makes Rxd1 look like a loss of time.} (12... Bb7
13. Nd2 Nd7 14. Bxe7 Qxe7 15. Qe2 a5 16. Bc4 Rfd8 17. Nb3 {Jansa,V (2485)
-Sokolov,I (2570)/Stary Smokovec 1991/CBM 026 (0-1, 39). This is the kind of
position White is aiming for. Black is in no immediate danger, but his
queenside is under some long-term pressure.}) 13. Rxd1 Bc5 $5 {An interesting
approach. Black aims to compensate the structural deffects by piece activity.}
14. Bxf6 gxf6 15. Nd2 Bg4 16. Re1 ({After} 16. Nf3 Rad8 17. h3 Bxf3 18. gxf3 {
the kingside structure has become symmetrical, while on the other wing Black
is slightly more active.} Bd4 19. Rab1 a5 20. Kf1 Rd6 21. Rd3 Rb8 22. c3 Bc5
23. Rxd6 cxd6 $15 {Mokry,K (2530)-Sokolov,I (2625)/Strasbourg 1994/CBM 043 ext
(1/2-1/2, 61)}) 16... Rfd8 17. Nf1 (17. Bd5 $6 c6 $1 18. Bxc6 Rxd2 $1 19. Bxa8
Bxf2+ 20. Kf1 Bxe1 21. Rxe1 Rxc2 $17) 17... Rd6 18. Ne3 Bxe3 19. Rxe3 Be6 $11 {
The control over the only open file compensates for the pawn weaknesses.})
12... Bb7 13. f3 ({The tempting} 13. Rd1 {is in fact a premature commitment of
the rook that had moved already before. The d1-square should be reserved for
the other rook. However, from the practical point of view it is not easy for
Black to find the best answer to White's straightforward play.} Qe8 14. f3 Nh5
$1 {Having seen the course of our main game, it is easy to understand that
this plan is working even better here.} (14... Bc5+ $6 15. Be3 Nd7 16. Nd2 a5
17. Nf1 Bxe3+ 18. Nxe3 Nb6 19. Qf2 Bc6 20. Nd5 Bxd5 21. Bxd5 Nxd5 22. Rxd5 f6
23. b3 Qe6 24. Rad1 Rf7 25. Qc5 $14 {Korneev,O (2475)-Wegner,H (2365)/Hamburg
1992/EXT 97 (1/2-1/2, 46)}) 15. g3 Kh8 16. Be3 f5 17. exf5 Rxf5 18. Nd2 Qg6 $36
{[%cal Ga8f8,Gh5f4,Ge7d6] Compared to the main game, Black is well ahead in
carrying out his attacking plan.}) 13... Nh5 (13... Bc5+ {deserves the same
evaluation as 13.Rd1. This bishop was developed already and moving it again
will only help White complete his own development.} 14. Be3 Qe7 15. Nd2 Rad8
16. Nc4 Nd7 17. Na5 Bxe3+ 18. Qxe3 Ba8 19. Bd5 $14 {Fishbein,A (2525)
-Chudnovsky,J (2285)/Philadelphia 1995/EXT 2000 (1-0, 37)}) 14. g3 Kh8 15. Be3
f5 {Once the f3-square has been weakened, this plan is logical. However, it
will soon become clear that after the text move Black faces some problems
achieving an optimal regroupment.} ({Therefore, the plan might require some
adjustment with} 15... Qc8 16. Nd2 f5 17. exf5 Qxf5 {[%cal Ge7d6]} 18. g4 $6
Qg6 $1) 16. exf5 Rxf5 {Black has the initiative on the kingside, but if White
manages to defend, the weakness of the e4-square and of the e5-pawn would
become the telling factors.} 17. Nd2 Qd6 18. Bc4 $1 {A well-timed move. White
needs to consolidate the light squares (e4 and f3 first of all).} ({The
mechanical completion of development with} 18. Rad1 {would have allowed Black
coordinate his forces with} Qg6 19. Bc4 Bg5 $1 20. Bxg5 (20. Bd3 $2 Bxe3+ 21.
Qxe3 Nxg3 $1) 20... Rxg5 21. Ne4 Rf5 $132) 18... Raf8 19. Rf1 $6 {Too passive.}
({This was the right moment to complete the development with} 19. Rad1 $1 {
The g6-square is not really available because of Bd3, while after} Qf6 {
[%csl Rd1][%cal Gf5f3] /\Rxf3! צd1} 20. Rf1 {it is not easy for Black to give
his initiative concrete forms, while the weakness of the e4-square and the
e5-pawn will tell in the long run.} Nf4 $5 (20... Bxf3 21. Nxf3 Rxf3 22. Rxf3
Qxf3 23. Qxf3 Rxf3 24. Rd7 $16) 21. gxf4 exf4 22. Ba7 $1 (22. Bf2 $6 Re5 23.
Qd3 Rd8 24. Qb3 Qg6+ 25. Kh1 Qh5 26. Bg1 Qh3 27. Rf2 (27. a5 Bh4 {/\...Be1})
27... Re3 $40) 22... Re5 (22... Ra8 23. Rfe1) 23. Qf2 {and the a7-bishop is
not easy to keep out of play for a long time. Even ...c5 would just place the
pawn on a vulnerable square.}) 19... e4 $1 ({Once again, the consequences of} 
19... Nf4 $5 {are not very clear.} 20. gxf4 $1 ({After} 20. Qe1 {, the least
Black can do is force a draw by perpetual with} Nh3+ 21. Kg2 Rxf3 $5 22. Nxf3
Rxf3 23. Rxf3 Bxf3+ 24. Kxf3 Qc6+ 25. Kg4 Qd7+ $11) ({Or} 20. Qd1 Qg6 {and it
is not easy to suggest White's next move.}) 20... exf4 21. Ba7 $1 {Again this
slightly awkward move. The f2-square is needed for the queen.} (21. Bf2 Rg5+
22. Kh1 Qxd2 $1 $17) 21... c5 (21... Ra8 22. Rfe1 $1) 22. Qd3 Rg5+ 23. Kh1 Qh6
24. Rae1 {and Black's attack has come to a dead end.}) 20. f4 $8 (20. fxe4 $2
Nxg3 $1 $19 {[%csl Ge3]}) (20. Nxe4 Bxe4 21. fxe4 Nxg3 $1 $19 {[%csl Ge3]})
20... g5 $1 {The only logical continuation. Otherwise, several black pieces
would remain misplaced, concentrating their efforts against the well-defended
f4-pawn.} 21. Qxh5 gxf4 22. Qg4 $8 (22. Qh3 $2 fxe3 $1 23. Rxf5 exd2 $19 {
[%csl Gb7,Gd2,Rg1][%cal Gf2b6]}) 22... Rg5 {This move cannot be criticized
from an objective point of view, but for practical reasons White's position
will be easier after the queen sacrifice.} ({Therefore,} 22... h5 23. Qh3 Rg5
$1 {deserves attention. Black will retrieve the sacrificed material, because
of the lack of coordination of White's pieces (here, too, a rook on d1 would
have been most useful). It is important that the g5-rook defends the h5-pawn
quite safely, leaving the enemy queen out of play.}) 23. Qxf4 Rxf4 24. Rxf4 {
At the cost of small material investment, White has finally achieved the
desired stability all over the board. He can hardly be better, and what he has
to do is easier: occupy open files, etc., while Black needs to find a useful
job for the mighty queen.} Qe5 25. Nb3 c5 26. Rd1 h6 ({If Black had prevented
the intrusion of the enemy rook to d7 with} 26... Bc6 {, White would have
disposed over the unexpected} 27. Rd8+ $1 {However, the final consequences of
this move are far from one-sided.} Bxd8 28. Rf8+ Kg7 29. Rg8+ Kf6 30. Bxg5+
Qxg5 31. Rxg5 Kxg5 32. a5 (32. Nxc5 $2 Bb6 $19) (32. Bxa6 Bxa4 $15) 32... h5
33. Kf2 (33. Bxa6 Bd5 34. Nxc5 Bxa5 $44) 33... h4 $132 {Black's pawns are
somewhat weak, but his pair of bishops offers him excellent chances to
transpose to a drawn opposite bishops ending.}) 27. Rd7 Bc6 28. Ra7 Rg6 $2 {
The losing move.} ({After the prophylactic} 28... Rg7 {, aiming to question
White's stability with ...Bd5, the position would have become double edged,
for instance} 29. Rxa6 Bd5 $1 30. Rxh6+ Kg8 31. Bxd5+ (31. Nd2 Bxc4 32. Nxc4
Qd5 33. b3 Qd1+ 34. Rf1 Qxc2 $17) 31... Qxd5 32. Rf2 Qd1+ 33. Kg2 Rf7 $44 {
and, depsite his temporary material advantage, White risks to lose
coordination (or, at least, just a couple of pawns!)}) 29. Rf7 $18 {[%csl Yg8,
Yh7,Rh8][%cal Gf7h7,Gc4g8]} Rxg3+ 30. hxg3 Qxg3+ 31. Kf1 Qh3+ 32. Ke2 Qh5+ 33.
Kd2 Qh2+ 34. Kc1 Qg3 35. Kb1 1-0

[Event "Sofia MTel Masters 2nd"]
[Site "Sofia"]
[Date "2006.05.15"]
[Round "5"]
[White "Svidler, Peter"]
[Black "Anand, Viswanathan"]
[Result "1/2-1/2"]
[WhiteElo "2743"]
[BlackElo "2803"]
[Annotator "Marin,M"]
[PlyCount "75"]
[EventDate "2006.05.11"]
[EventType "tourn"]
[EventRounds "10"]
[EventCountry "BUL"]
[EventCategory "20"]
[SourceTitle "CBM 113"]
[Source "ChessBase"]
[SourceDate "2006.07.31"]
[SourceVersion "1"]
[SourceVersionDate "2006.07.31"]
[SourceQuality "1"]

1. e4 e5 2. Nf3 Nc6 3. Bb5 a6 4. Ba4 Nf6 5. O-O Be7 6. Re1 b5 7. Bb3 O-O 8. h3
Bb7 9. d3 Re8 {By leaving the d-pawn on its initial square, Black maintains
the possibility of developing his dark-squared bishop on more active positions
than e7 or f8 or, in certain cases, to break the centre with ...d5, in the
spirit of the "rarely seen" nowadays Marshall Attack.} 10. Nc3 ({If White
prevents the pin of this knight with} 10. a3 {, Black can nonetheless obtain
good play with} Bc5 11. Nc3 d6 12. Nd5 h6 13. c3 Ba7 14. Be3 Bxe3 15. Rxe3 Nd7
16. Ba2 Ne7 17. Nxe7+ Qxe7 18. Nh2 Nf6 19. Ng4 {and a draw was agreed in
Kramnik-Anand, Dortmund (m/3-rapid) 2004}) 10... Bb4 11. Ng5 ({The immediate} 
11. a3 Bxc3 12. bxc3 {also left White with structural problems after} Na5 13.
Bg5 h6 14. Bh4 c5 15. Bd5 Bxd5 16. Bxf6 Qxf6 17. exd5 Qd6 18. c4 bxc4 19. Qd2
Nb7 20. dxc4 e4 21. Nh2 Qg6 22. Qf4 Nd6 23. Nf1 f5 {in Kasimdzhanov-Anand,
Bundesliga 2005/2006. RR: See also the comments from Anand to this game in
113CBM.}) 11... Rf8 12. a3 ({If White finds himself in a peacefull mood, he
can offer a repetition of moves with} 12. Nf3) 12... Bxc3 13. bxc3 {The
weakness of the c-pawns will considerably restrict White's active
possibilities.} h6 $5 ({A novelty, aiming to prevent White from opening the
position with an early f4. True, in a previous game where this position was
seen, White did not get any advantage out of this pawn break:} 13... Na5 14.
Ba2 c5 15. f4 exf4 16. e5 Nd5 17. Bxd5 Qxg5 18. Bxb7 {1/2-1/2 Kramnik-Leko,
Brissago Wch m-2 2004}) 14. Nf3 d6 15. Nh4 Bc8 16. Qf3 Na5 17. Ba2 c5 18. Nf5
Bxf5 19. Qxf5 c4 {There is little life left in the position now.} 20. Rd1 Qc8
21. Qf3 Qe6 22. a4 Rfc8 23. Ba3 Ne8 24. Qe2 Qd7 25. Bb4 Qc7 26. dxc4 Nxc4 27.
Bxc4 bxc4 28. a5 Qe7 29. Rd2 Rc6 30. Rad1 Qe6 31. Qf3 Rb8 32. Rd5 f6 33. R5d2
Rb7 34. Kh2 Kf7 35. Qh5+ Kg8 36. Qf3 Kf7 37. Qh5+ Kg8 38. Qf3 1/2-1/2